Boletin estadistico trimestral

Na minha lista:
Detalhes bibliográficos
Formato: Periódico
Idioma:espanhol
Publicado em: Buenos Aires Instituto Nacional de Estadistica y Censos 1981
Tags: Adicionar Tag
Sem tags, seja o primeiro a adicionar uma tag!

MARC

LEADER 00000nas2a22000001 4500
001 s122771
005 20250730114211.3
041 0 |a spa 
044 |a AR 
245 1 0 |a Boletin estadistico trimestral 
264 1 |a Buenos Aires  |b Instituto Nacional de Estadistica y Censos  |c 1981 
300 |a 1 zv. 
773 0 |w eu_un_cat*s120568